00558nam a2200145 a 450000100100000000500170001000800410002704000250006808200150009311000780010824500870018626000340027330000270030771000780033400000719120250502073818.0090907s1999 dr a 001 0 spa d aDO-SdBNPbspacBNPHU axxxbR426i1 aRepública Dominicana.bOficina Nacional de Administración y Personal 10aInstructivo de registro, control e información de personal del sector público. aSanto Domingo :bONAP,c1999. a158 p. :bil ;c21 cm.1 aRepública Dominicana.bOficina Nacional de Administración y Personal